00507nam a2200205 a 4500001001300000003000900013005001700022008004100039020002300080082001700103100001400120245002600134260003500160300000900195500003500204505001700239650001900256650001400275650001200289nice12345678IN_TiNIC20260116013828.0050524s1995 dela grp 000 0 eng  a8186142 c14000a891.51bFIR1 aFirdusi,  aShah Namah of Fardusi aDelhibD.K. Publicationsc1995 a551p aincludes index and biblioraphy2 aIndex, Notes aPersian Poetry aShahnamah aFirdusi